| 000 | 00553nam a2200169 i 4500 | ||
|---|---|---|---|
| 001 | 27649 | ||
| 003 | ES-MaACL | ||
| 005 | 20230906153655.0 | ||
| 007 | t| | ||
| 008 | 030115q19001999sp ||||1| spa d | ||
| 100 | 1 |
_aAudinet, Eugêne-Louis-André. _923853 |
|
| 245 | 1 | 0 |
_aPrincipios de derecho internacional / _cpor Eugêne-Louis-André Audinet ; traducción de J. Moreno Barutell. |
| 260 |
_aMadrid : _b[s.n., _c19--?] ( _fTipolit. de Luis Faure) |
||
| 300 |
_a2 t. ; _c23 cm. |
||
| 700 | 1 |
_aMoreno Barutell, J. _983330 |
|
| 852 |
_aES-MaACL _jF-14769-70 |
||
| 999 |
_c27649 _d27649 |
||